Crucial conversations : tools for talking when stakes are high.
| Other Authors: | |
|---|---|
| Format: | Book |
| Published: |
New York:
Mc-Graw Hill,
2002.
|
| Subjects: |
| LEADER | 00484cam a2200157 7i4500 | ||
|---|---|---|---|
| 001 | 0000014530 | ||
| 005 | 20040924090000.0 | ||
| 020 | 0 | 0 | |a 0-07-140194-6 |
| 090 | 0 | 0 | |a B 153.6 |b CRU |
| 245 | 1 | 0 | |a Crucial conversations : |b tools for talking when stakes are high. |
| 260 | 0 | 0 | |a New York: |b Mc-Graw Hill, |c 2002. |
| 300 | # | # | |a 240 p. |
| 650 | 0 | 0 | |a International communication |
| 650 | 0 | 0 | |a Interpersonal relations |
| 700 | 1 | 1 | |a Patterson, |h Kerry |
| 999 | |a B000016233 |b Book |c Book |e Business Information Centre | ||


